000
002830000a22000970004500
100
1
_a
Jones, R. Tudur
245
1
0
_a
Union with Christ : The existential nerve of puritan piety
300
_a
Vol. 2, Num. 41 (Noviembre, 1990), Páginas 186-208
773
0
_t
Tyndale Bulletin
942
_c
ANA
999
_c
56700
_d
56700